Znani Polacy #3 - Statystyki

Ogólne statystyki
  • Ten quiz został rozwiązany 1 326 razy
  • Średni wynik to 14 z 22
Statystyki odpowiedzi
Wskazówka Imię i nazwisko % Poprawnych
Prezydent Warszawy od 2018 roku Rafał Trzaskowski
94%
Znana pisarka która w 1996 roku zdobyła literackiego Nobla Wisława Szymborska
91%
Drugi najbardziej utytułowany polski skoczek po Małyszu Kamil Stoch
90%
,,Jak ..... do Poznania pod szwedzkim zaborze. Dla ojczyzny ratowania wrócim się przez morze" Stefan Czarniecki
87%
Najbardziej znany Polski malarz Jan Matejko
81%
Założyciel Kanału Zero oraz znany dziennikarz Krzysztof Stanowski
81%
Jeden z dwóch liderów konfederacji Sławomir Mentzen
80%
Znana piosenkarka jej najpopularniejszym utworem jest ,,Małgośka'' Maryla Rodowicz
76%
Reprezentant Polski siatkarz na pozycji atakującego mistrz świata w 2018 roku Bartosz Kurek
73%
Król strzelców mistrzostw świata w 1974 roku Grzegorz Lato
69%
Polski polityk który oficjalnie w 2011 roku popełniłsamobójstwo Andrzej Lepper
64%
Zdobywca Nobla w literaturze w 1980 roku Czesław Miłosz
63%
Pierwszy sekretarz PZPR w latach 1970-1980 Edward Gierek
60%
Uważany za jednego z najlepszych reżyserów.Reżyserował m.in. „Ziemia obiecana” Andrzej Wajda
58%
Jeden z ojców niepodległości z którym rywalizował Józef Piłsudski Roman Dmowski
57%
Noblista w literaturze w 1924 roku Władysław Reymont
54%
Pianista oraz jeden z ojców niepodległości Ignacy Jan Paderewski
50%
Pierwsza król Polski która była kobietą Jadwiga Andegaweńska
48%
Znany dowództwa wojskowy walczył w Konfederacji Barskiej czy o niepodległość USA Kazimierz Pułaski
31%
Generał który zaślubił Polskę z morzem Józef Haller
27%
Założyciel przedsiębiorstwa Max Factor Maksymilian Faktorowicz
18%
Polski Geolog który jako pierwszy opracował mapęgeologiczną Australii Paweł Edmund Strzelecki
12%
Nie znaleziono quizów pasujących do podanych kryteriów
Rozkład punktacji
Procent ludzi z każdym wynikiem
Percentyl według liczby udzielonych odpowiedzi
Twoja historia wyników
Nie rozwiązałeś tego quizu